Fundamentals of Computer Vision 1(E BOOK) (Record no. 196666)

000 -LEADER
fixed length control field 00526 a2200145 4500
003 - CONTROL NUMBER IDENTIFIER
control field Nust
005 - DATE AND TIME OF LATEST TRANSACTION
control field 20170207154319.0
040 ## - CATALOGING SOURCE
Transcribing agency Nust
082 ## - DEWEY DECIMAL CLASSIFICATION NUMBER
Classification number 004.16
100 ## - MAIN ENTRY--PERSONAL NAME
Personal name Shah,Mubarak
245 ## - TITLE STATEMENT
Title Fundamentals of Computer Vision 1(E BOOK)
Remainder of title Computer Vision
Statement of responsibility, etc. Mubarak Shah
260 ## - PUBLICATION, DISTRIBUTION, ETC.
Name of publisher, distributor, etc. Uni of Central Florida
Date of publication, distribution, etc. 1997
300 ## - PHYSICAL DESCRIPTION
Extent 133 p;
505 ## - FORMATTED CONTENTS NOTE
Formatted contents note Imaging Geometry (Page-5) Edge Detection (Page-25) Region Segmentation (page- 53) D Shape (Page-73 ) Motion (page-95) Stereo and Shape from Shading (page-111) Range Images (Page-127)
942 ## - ADDED ENTRY ELEMENTS (KOHA)
Source of classification or shelving scheme
Koha item type Book
Holdings
Withdrawn status Lost status Source of classification or shelving scheme Damaged status Not for loan Collection code Permanent Location Current Location Date acquired Total Checkouts Full call number Barcode Date last seen Price effective from Koha item type
            Military College of Signals (MCS) Military College of Signals (MCS) 12/12/2016   004.16 SHA MCSEB-3008 12/08/2016 12/12/2016 Book
© 2023 Central Library, National University of Sciences and Technology. All Rights Reserved.